| 000 | 00390nam a2200169Ia 4500 | ||
|---|---|---|---|
| 008 | 230524s9999 xx 000 0 und d | ||
| 082 |
_a330 _bRIG |
||
| 100 | _aJ.L.Riggs | ||
| 245 | 0 | _aEngineering Economics | |
| 250 | _a4TH | ||
| 260 |
_aNEW DELHI _bTMH _c2005 |
||
| 300 | _aXIV;656 | ||
| 500 | _aQuantity Number: 92 | ||
| 650 | _aEconomics | ||
| 700 | _a D.D.Bedworth | ||
| 942 | _cBK | ||
| 999 |
_c11179 _d11179 |
||